top 3 highest actors by star score by year - Statistics

General Stats
  • This quiz has been taken 20 times
  • The average score is 29 of 72
Answer Stats
Hint Answer % Correct
2001 brad pitt
94%
2006 brad pitt
94%
2009 brad pitt
94%
2018 Chris pratt
76%
2010 Robert downey jr
76%
2012 Robert downey jr
76%
2008 will smith
76%
2014 Dwayne johnson
71%
2015 dwayne johnson
71%
2017 dwayne johnson
71%
2018 dwayne johnson
71%
2019 dwayne johnson
71%
2020 dwayne johnson
71%
2021 dwayne johnson
71%
2000 tom hanks
65%
2004 tom hanks
65%
2003 ben Affleck
59%
2013 Chris Hemsworth
59%
2002 Robert De Niro
59%
2023 Jason Statham
53%
2006 matt Damon
53%
2007 matt Damon
53%
2008 matt Damon
53%
2016 Samuel l Jackson
53%
2017 Samuel l Jackson
53%
2019 Samuel l Jackson
53%
2020 Samuel l Jackson
53%
2021 Samuel l Jackson
53%
2011 Bradley Cooper
47%
2021 tom holland
47%
2022 tom holland
47%
2000 bruce willis
41%
2001 bruce willis
41%
2013 Jennifer Lawrence
41%
2014 Jennifer Lawrence
41%
2015 Jennifer Lawrence
41%
2016 Jennifer Lawrence
41%
2017 vin diesel
35%
2013 Jeremy renner
29%
2005 Johnny depp
29%
2007 Johnny depp
29%
2011 Johnny depp
29%
2001 Julia Roberts
29%
2012 kristen stewart
29%
2022 margot robbie
29%
2023 margot robbie
29%
2000 Nicolas cage
29%
2005 orlando bloom
29%
2007 orlando bloom
29%
2002 Ian mckellen
24%
2003 Ian mckellen
24%
2003 Keanu Reeves
24%
2005 Keanu Reeves
24%
2015 mark Wahlberg
24%
2002 mel Gibson
24%
2022 Robert Pattinson
24%
2004 ben stiller
18%
2006 ben stiller
18%
2018 Chadwick boseman
12%
2014 channing Tatum
12%
2009 gerard butler
12%
2016 Scarlett Johansson
12%
2008 shia labeouf
12%
2009 shia labeouf
12%
2010 shia labeouf
12%
2019 karen Gillan
6%
2023 Michelle Rodriguez
6%
2010 Taylor lautner
6%
2011 Taylor lautner
6%
2012 taylor lautner
6%
2020 danai gurira
0%
2004 Keira Knightley
0%
No matching quizzes found
Score Distribution
Percent of People with Each Score
Percentile by Number Answered
Your Score History
You have not taken this quiz